000 00698nam a2200217Ii 4500
003 JO-AjNU
008 230605s9999||||xx |||||||||||||| ||und||
020 _a2-7451-0835-2
040 _aJO-AjNU
_bara
_erda
_cJO-AjNU
041 _aara
050 1 4 _aPJ7696.Z8.A17 2003
100 3 _aشرحه وقدم له علي فاعور,
_eauthor
_933686
245 0 0 _aديوان زهير بن أبي سلمى
250 _aط2
264 3 1 _aبيروت:دار الكتب العلمية،2003
300 _a143ص
336 _atext
_btxt
_2rdacontent
337 _aunmediated
_bn
_2rdamedia
338 _avolume
_bnc
_2rdacarrier
650 4 _aالشعر العربي - عصر صدر الإسلام
_933687
999 _aA13736
_c17304
_d17304